000 00630nam a22002052 4500
001 0000008566
005 20151217152036.0
008 080425s xx 000 0 eng d
020 _a0713999098 :
_cKES 2110
040 _aKABU
_cKABU
100 1 _aStiglitz, Joseph E.
_@0000150261
245 1 0 _aMaking globalization work /
_cJoseph E. Stiglitz.
260 _aLondon :
_bPenguin Books,
_c2006.
300 _axxv, 358 p.
650 0 _aGlobalization
_xEconomic aspects.
_@0000150279
908 _a080425
950 _@1
999 _c7633
_d7633